The technical writer ; an aid to the presentation and production of technical literature /

Bibliographic Details
Main Author: Godfrey, James William
Other Authors: Parr, G. (Geoffrey), 1899-
Format: Book
Language:English
Published: New York : Wiley, 1959.
Subjects:

MARC

Tag First Indicator Second Indicator Subfields
LEADER 00000cam a2200000 4500
001 in00000035281
005 20151007060738.0
008 750422s1959 nyua 00010 eng u
010 |a  59001075  
035 |a (OCoLC)01291638 
035 |9 AAD0041AM 
040 |c ORL  |d MCL  |d TXA  |d UtOrBLW 
049 |a TXAM  |c [305585] 
050 0 |a T11  |b .G6 
082 0 |a 808.066 
092 |a 808.066  |b G583t 
100 1 |a Godfrey, James William. 
245 1 4 |a The technical writer ;  |b an aid to the presentation and production of technical literature /  |c [by] J.W. Godfrey & G. Parr. 
264 1 |a New York :  |b Wiley,  |c 1959. 
300 |a 340 pages :  |b illustrations ;  |c 22 cm. 
336 |a text  |b txt  |2 rdacontent 
337 |a unmediated  |b n  |2 rdamedia 
338 |a volume  |b nc  |2 rdacarrier 
650 0 |a Technical writing. 
700 1 |a Parr, G.  |q (Geoffrey),  |d 1899- 
999 |a MARS 
999 f f |s a20eaf3c-ad63-33a5-be42-088c52791fea  |i 123abc67-e0fd-3337-a785-2ee186aba1f7  |t 0 
952 f f |p ric  |a Texas A&M University  |b Rellis Campus  |c Joint Library Facility  |d Remote Storage  |t 0  |e T11 .G6  |h Library of Congress classification  |i unmediated -- volume  |m A14801195716 
998 f f |a T11 .G6  |t 0  |l Remote Storage